000 00764 a2200217 4500
003 OSt
005 20180116192349.0
008 120531t xxu||||| |||| 00| 0 eng d
020 _a9780500342251 (hbk.)
020 _a0500342253
040 _c0
082 0 4 _a720.92
245 0 0 _aTracing Eisenman :
_bPeter Eisenman complete works /
_cwith essays by Stan Allen ... [et al.] ; edited by Cynthia Davidson.
260 _aLondon :
_bThames & Hudson,
_cc2006.
300 _a400 p. :
_b ill. (chiefly col.) ;
_c 28 cm.
500 _aIncludes bibliographical references.
600 1 0 _aEisenman, Peter,
_d1932-
_93128
700 1 _4Davidson, Cynthia C.
_93129
942 _aSADA
_cREF
_k720.92 TRA 2006
_2ddc
999 _c352866
_d352866